| 000 | 01003nam a2200289 a 4500 | ||
|---|---|---|---|
| 001 | BRCA_6623 | ||
| 005 | 20190320205531.0 | ||
| 008 | 051011s1974----sp-a######---#000-0#spa-# | ||
| 020 | _a8425206073 | ||
| 041 | _aspa | ||
| 044 | _asp | ||
| 084 |
_aN6494.A7 _b.M34 1976 |
||
| 100 | 1 |
_aMaenz, Paul _d1939- _916582 |
|
| 245 | 1 | 0 |
_aArt Déco _b1920-1940 : formas entre dos guerras _cP. Maenz ; versión castellana de Pere Ancochea Millet ; revisión técnica por Joaquim Romaguera i Ramió. |
| 260 |
_aEspaña _bGustavo Gili _c[1976] |
||
| 300 |
_a266 p. _bil. (algunas a color) _c21 cm. |
||
| 440 | 0 |
_aColección Comunicación Visual _916583 |
|
| 500 | _aIncluye repertorio biográfico | ||
| 500 | _aTraducción de: Art Deco: 1920-1940 | ||
| 500 | _aDonación Dra. Elsa Barberena | ||
| 504 | _aBibliografía: p. 263-266 | ||
| 650 | 1 | 4 |
_aArt decó _xHistoria _915380 |
| 700 | 1 |
_aRomaguera i Ramió, Joaquim _916584 |
|
| 710 | 2 |
_aAncochea Millet, Pere _etr. _916585 |
|
| 902 | _aDEB | ||
| 942 |
_2lcc _cB |
||
| 999 |
_c6307 _d6307 |
||